000 00988cam a2200349 a 4500
001 16482327
003 OSt
005 20140310184240.0
008 100929s1969 nyu c 000 1 eng
010 _a 2010413848
020 _a9780440416630
040 _aDLC
_cDLC
042 _alcac
050 0 0 _aPZ 7
_b.T2186Cay 1969
100 1 _aTaylor, Theodore,
_d1921-2006.
_924635
245 1 4 _aThe cay /
_cby Theodore Taylor.
250 _aBk. club ed.
260 _anew york
_bScholastic
_cc1969.
300 _a127 p. ;
_c22 cm.
521 _aG6
526 _c860
650 1 _aSurvival
_vFiction.
_924636
650 1 _aFriendship
_vFiction.
_924637
650 1 _aPrejudices
_vFiction.
_924638
650 1 _aBlacks
_vFiction.
_924639
650 1 _aShipwrecks
_vFiction.
_924640
906 _a7
_bcbc
_corignew
_d2
_encip
_f20
_gy-gencatlg
942 _2lcc
_cBK-SCHOLAS
999 _c33251
_d33251